[Event "EU-ch U14 31st"]
[Site "Mamaia"]
[Date "2023.09.08"]
[Round "4"]
[White "Vommaro, Stanislao"]
[Black "Cieslak, Patryk"]
[Result "0-1"]
[WhiteElo "2058"]
[BlackElo "2299"]
[PlyCount "50"]
[EventDate "2023.09.05"]
[EventType "swiss"]
[EventRounds "9"]
[EventCountry "ROU"]
[SourceTitle "EXT 2024"]
[Source "ChessBase"]
[SourceDate "2023.10.10"]
[SourceVersion "1"]
[SourceVersionDate "2023.10.10"]
[SourceQuality "1"]

1. e4 c6 2. Nf3 d5 3. exd5 cxd5 4. Ne5 e6 5. d4 Nc6 6. Bb5 Bd7 7. Nxd7 Qxd7 8. c3 Bd6 9. a4 Nf6 10. 0-0 a6 11. Bd3 0-0 12. Re1 e5 13. dxe5 Nxe5 14. h3 Rae8 15. Be3 Bc7 16. Be2 Qd6 17. Nd2 Nc4 18. Bxc4 Qh2+ 19. Kf1 Qh1+ 20. Ke2 Qxg2 21. Bd3 Rxe3+ 22. Kxe3 Bb6+ 23. Kf4 Qh2+ 24. Kf5 g6+ 25. Kg5 h6+ 0-1

[Event "ITA-ch U20"]
[Site "Tarvisio"]
[Date "2023.07.02"]
[Round "1"]
[White "Bianchini, Giulio"]
[Black "Vommaro, Stanislao"]
[Result "0-1"]
[WhiteElo "1160"]
[BlackElo "1992"]
[PlyCount "64"]
[EventDate "2023.07.02"]
[EventType "swiss"]
[EventRounds "9"]
[EventCountry "ITA"]
[SourceTitle "EXT 2024"]
[Source "ChessBase"]
[SourceDate "2023.10.10"]
[SourceVersion "1"]
[SourceVersionDate "2023.10.10"]
[SourceQuality "1"]

1. e4 c5 2. Nf3 d6 3. Nc3 Nf6 4. Bc4 a6 5. a4 e6 6. d4 cxd4 7. Nxd4 Qc7 8. Qd3 Nc6 9. Nxc6 bxc6 10. 0-0 Be7 11. f4 0-0 12. Be3 Ng4 13. f5 d5 14. Bf4 Qb6+ 15. Kh1 dxc4 16. Qg3 exf5 17. exf5 Bxf5 18. h3 Nf6 19. Bc7 Qc5 20. b4 cxb3 21. cxb3 Bg6 22. Rae1 Rfe8 23. Be5 Rad8 24. Ne4 Nxe4 25. Rxe4 Bf8 26. Ree1 Rd3 27. Qf4 Qd5 28. Kh2 Rxe5 29. Rxe5 Qxe5 30. Qxe5 Bd6 31. Re1 Bxe5+ 32. Rxe5 h5 0-1